| 000 | 01177nam a2200325 a 4500 | ||
|---|---|---|---|
| 005 | 20160104113846.0 | ||
| 008 | 140219b1983 ck a gr|||| 00| 0 spa d | ||
| 020 | _a9589129056 | ||
| 040 |
_aCO-BoIAVH _cCO-BoIAVH |
||
| 041 | 0 | _aspa | |
| 044 | _ack | ||
| 082 | 0 | 4 |
_a581.98616 _bL33e |
| 100 | 1 |
_aLa Rotta, Constanza _eAutor |
|
| 245 | 1 |
_aEstudio etnobotánico sobre las especies utilizadas por la comunidad indígena Miraña, Amazonas-Colombia _cConstanza La Rotta |
|
| 246 | 0 | 4 | _aEspecies utilizadas por la comunidad Miraña |
| 260 |
_aBogotá D.C. : _bWorld Wildlife Fund: _bFondo FEN Colombia. , _c1983. |
||
| 300 |
_a384 páginas. : _bIlustraciones, tablas ; _c23 x 15 cm. |
||
| 650 | 6 | _aComunidades indígenas | |
| 650 | 6 | _aEtnobotánica | |
| 650 | 6 | _aComunidad Miraña | |
| 650 | 6 | _aUsos tradicionales | |
| 650 | 6 | _aPlantas útiles | |
| 650 | 6 | _aConocimiento tradicional | |
| 700 | 1 |
_aMiraña, Petei _eEditor |
|
| 700 | 1 |
_aYucuna, Nati _eEditor |
|
| 700 | 1 |
_aMiraña, Miguel _eEditor |
|
| 700 | 1 |
_aMiraña, Boa _eEditor |
|
| 700 | 1 |
_aMiraña, María _eEditor |
|
| 942 |
_cLIBRO _2ddc |
||
| 999 |
_c213 _d213 |
||